Langsamer! gegen Atemlosigkeit, Akzeleration und andere Zumutungen

Bibliographic Details
Main Author: Rakusa, Ilma, 1946- (Author)
Format: Book
Language:German
PhysicalDescription:89 s. 18 cm
Published: Graz Literaturverlag Droschl 2005
ISBN:3854206925
Edition:2. Aufl.
Series:Essay
Subjects:

MARC

LEADER 00000nam a2200000 a 4500
001 vtls008621275
003 SK-MaSNL
005 20260301021527.0
008 240314s2005 au n 000 0 ger
015 |a SNBZSA2006-00419 
020 |a 3854206925  |q (brož.) 
040 |a SNK  |b slo  |c SNK  |e AACR2 
041 0 |a ger 
044 |a au  |c AT 
072 7 |a 821.112.2  |x Nemecká literatúra, nemecky písaná  |2 konspekt 
080 |a 821.11.2-4  |2 2001 
100 1 |a Rakusa, Ilma,  |d 1946-  |4 aut  |9 103207 
245 1 0 |a Langsamer!  |b gegen Atemlosigkeit, Akzeleration und andere Zumutungen  |c Ilma Rakusa 
250 |a 2. Aufl. 
260 |a Graz  |b Literaturverlag Droschl  |c 2005 
300 |a 89 s.  |c 18 cm 
490 1 |a Essay  |v 54 
504 |a Bibliogr. s. 85 - 89 
650 0 7 |a literárne eseje  |2 snkbuxs  |9 310652 
650 0 7 |a rakúska literatúra  |2 SNKPH  |9 1416 
655 7 |a umelecká literatúra  |2 SNKPH  |9 60405 
830 0 |a Essay  |9 310653 
919 |a 3-85420-692-5 
958 |a ZS 
958 |a LX 
958 |a AT 
958 |a DE 
999 |c 565495  |d 567425 
952 |a SNK  |b SNK  |y PREZ  |7 0  |p 17A0501368  |o snkSD 75497  |i snk2006/4964  |8 2  |g 14.57  |0 0  |1 0  |4 0  |d 2006-02-08  |l 0  |r 2025-11-24 00:00:00  |w 2026-02-23